Essential mathematics testmaker plus!

Essential Mathematics Testmaker Plus! VCE contains 50 sets of questions covering the course requirements for Mathematics Methods Units 1–4, Advanced General Mathematics and Specialist Mathematics. The sets can be used to generate tests, worksheets or assignments on single or mixed topics. The CD-ROM...

Cijeli opis

Spremljeno u:
Bibliografski detalji
Format: Knjiga
Jezik:Undetermined
Izdano: Cambridge Cambridge University Press 2001
Teme:
Oznake: Dodaj oznaku
Bez oznaka, Budi prvi tko označuje ovaj zapis!
Thư viện lưu trữ: Trung tâm Học liệu Trường Đại học Cần Thơ
LEADER 00886nam a2200205Ia 4500
001 CTU_102630
008 210402s9999 xx 000 0 und d
020 |c 94.14 
082 |a 513 
082 |b E78 
245 0 |a Essential mathematics testmaker plus! 
245 0 |c Michael Evans, David Brown, John Taylor ...[et al] 
260 |a Cambridge 
260 |b Cambridge University Press 
260 |c 2001 
520 |a Essential Mathematics Testmaker Plus! VCE contains 50 sets of questions covering the course requirements for Mathematics Methods Units 1–4, Advanced General Mathematics and Specialist Mathematics. The sets can be used to generate tests, worksheets or assignments on single or mixed topics. The CD-ROM is compatible with PCs and Macs. 
650 |a Arithmetic 
650 |x Textbooks 
904 |i M.Loan 
980 |a Trung tâm Học liệu Trường Đại học Cần Thơ